NLSUI OPAC header image

Dalit movements and the meanings of labour in India / (Record no. 19909)

MARC details
000 -LEADER
fixed length control field 01152cam a2200337 a 4500
001 - CONTROL NUMBER
control field 2538211
005 - DATE AND TIME OF LATEST TRANSACTION
control field 20260427051629.0
008 - FIXED-LENGTH DATA ELEMENTS--GENERAL INFORMATION
fixed length control field 940128s1993 ii ab b 000 0 eng
020 ## - INTERNATIONAL STANDARD BOOK NUMBER
International Standard Book Number 0195632133
020 ## - INTERNATIONAL STANDARD BOOK NUMBER
International Standard Book Number 9780195632132
025 ## - OVERSEAS ACQUISITION NUMBER
Overseas acquisition number I-E-72141
035 ## - SYSTEM CONTROL NUMBER
System control number 2538211
040 ## - CATALOGING SOURCE
Original cataloging agency DLC
Transcribing agency DLC
Modifying agency DLC
042 ## - AUTHENTICATION CODE
Authentication code lcode
043 ## - GEOGRAPHIC AREA CODE
Geographic area code a-ii---
082 ## - DEWEY DECIMAL CLASSIFICATION NUMBER
Classification number 305.56 ROB
245 00 - TITLE STATEMENT
Title Dalit movements and the meanings of labour in India /
Statement of responsibility, etc. edited by Peter Robb.
260 ## - PUBLICATION, DISTRIBUTION, ETC.
Place of publication, distribution, etc. Delhi :
Name of publisher, distributor, etc. Oxford University Press,
Date of publication, distribution, etc. 1993.
300 ## - PHYSICAL DESCRIPTION
Extent viii, 354 p. :
Other physical details ill. ;
Dimensions 23 cm.
365 ## - TRADE PRICE
Price amount Rs. 175
440 #0 - SERIES STATEMENT/ADDED ENTRY--TITLE
Title SOAS studies on South Asia
504 ## - BIBLIOGRAPHY, ETC. NOTE
Bibliography, etc. note Includes bibliographical references.
650 #0 - SUBJECT ADDED ENTRY--TOPICAL TERM
Topical term or geographic name entry element Dalits
General subdivision Employment
Geographic subdivision India
General subdivision History
Chronological subdivision 18th century.
650 #0 - SUBJECT ADDED ENTRY--TOPICAL TERM
Topical term or geographic name entry element Dalits
General subdivision Employment
Geographic subdivision India
General subdivision History
Chronological subdivision 19th century.
650 #0 - SUBJECT ADDED ENTRY--TOPICAL TERM
Topical term or geographic name entry element Dalits
General subdivision Employment
Geographic subdivision India
General subdivision History
Chronological subdivision 20th century.
700 1# - ADDED ENTRY--PERSONAL NAME
Personal name Robb, Peter
Fuller form of name (Peter G.)
906 ## - LOCAL DATA ELEMENT F, LDF (RLIN)
a 7
b cbc
c origode
d 2
e ncip
f 19
g y-gencatlg
942 ## - ADDED ENTRY ELEMENTS (KOHA)
Source of classification or shelving scheme Dewey Decimal Classification
Koha item type BOOKs
Holdings
Withdrawn status Lost status Damaged status Not for loan Home library Current library Shelving location Date acquired Cost, normal purchase price Total Checkouts Full call number Barcode Date last seen Price effective from Koha item type
        . .   30.05.2017 250.00   305.56 ROB 10967 14.06.2024 30.05.2017 BOOKs
        . .   30.05.2017 175.00   305.56 ROB-2 18089 30.05.2017 30.05.2017 BOOKs